000 00566nam a2200181Ia 4500
008 100921s9999 xx 000 0 und d
082 _b17920
_a891.463 थ 82
100 _aगांगल सुमन.
245 _aरूप पहाता लोचनी.
260 _b---
_c1982
300 _a168
_b---
365 _b25
520 _aललित-कादंबरी.
630 _aरूप पहाता लोचनी.
650 _aललित-कादंबरी.
730 _aरूप पहाता लोचनी.
942 _cBOOK
999 _c767033
_d767030